El proyecto principal de educación en América Latina y el Caribe

Guardat en:
Dades bibliogràfiques
Autor corporatiu: UNESCO. Oficina Subregional de Educación para Centroamérica y Panamá
Format: Text
Publicat: San José: La Oficina
Etiquetes: Afegir etiqueta
Sense etiquetes, Sigues el primer a etiquetar aquest registre!

MARC

LEADER 00000 a a2200000 04500
001 15111
003
040
090 |a 028700  
110 |a UNESCO. Oficina Subregional de Educación para Centroamérica y Panamá  
245 |a El proyecto principal de educación en América Latina y el Caribe  
260 |a San José:   |b La Oficina  
300 |a 16 p.  
999 |c 10954  |d 10954